000 00468nam a2200133Ia 4500
008 231221s9999 xx 000 0 und d
020 _a978-1-4614-2128-3
041 _aEnglish
100 _aEnric Rodríguez Vilamitjana, Abdelali El Aroudi, Eduard Alarcón
245 0 _aChaos in Switching Converters for Power Management
260 _c2013
_bSpringer US
_aNew York
650 _aCircuits and Systems; Electronics and Microelectronics, Instrumentation
942 _cEB
999 _c226957
_d226957